| 000 | 01184nam a2200301 4500 | ||
|---|---|---|---|
| 001 | 0000018718 | ||
| 003 | CO-CtgCURN | ||
| 005 | 20250513164954.0 | ||
| 008 | 160627s1998 000 0 eng d | ||
| 020 | _a9586901246 | ||
| 040 |
_aCO-CtgCURN _bspa _ccoctgcurn |
||
| 082 | 0 |
_a345.05 _bA23t |
|
| 100 | 1 | _aAcevedo Ochoa, Fabiola. | |
| 245 | 1 | 4 |
_aLos terminos en el derecho procesal penal / _cFabiola Acevedo Ochoa, Javier Antonio Villanueva Mesa. |
| 260 |
_aBogotá : _bGrupo Editorial Leyer, _c1998. |
||
| 300 | _a167 p. | ||
| 336 | _2rdacontent | ||
| 337 |
_2rdamedia _asin mediacion _bn |
||
| 338 |
_2rdacarrier _avolumen _bnc |
||
| 500 | _aIncluye indice. | ||
| 504 | _aBibliografia (p. 155-158) | ||
| 505 | 8 | _aEl proceso penal.--El proceso penal en tiempo y espacio.--Estado y noticia criminis.-- Apertura de la investigación.--Calificacion sumarial.--Etapa del juicio.--Notificaciones.--Etica y proceso penal | |
| 650 | 0 |
_aProcedimiento penal _xEstudios comparados _zColombia. |
|
| 700 | 1 | _aVillanueva Meza, Javier Antonio. | |
| 908 | _a160627 | ||
| 942 |
_cBK _h345.05 _iA23t _2ddc _n0 |
||
| 999 |
_c19841 _d19841 |
||